| 000 | 00403cam a2200169ua 4500 | ||
|---|---|---|---|
| 020 | _c1.75 | ||
| 041 |
_amal _h |
||
| 082 |
_a894.81209 _bAPP/NE |
||
| 100 | _aA P P , Namboodiri . | ||
| 245 |
_aNeeruravakal / _cA P P Namboodiri. _hTextual Documents |
||
| 260 |
_aCalicut : _bP.K Brothers , _c1956. |
||
| 300 | _a210 ; . | ||
| 365 | _a1.75 | ||
| 504 | _a | ||
| 942 | _cBK | ||
| 999 |
_c4652 _d4652 |
||